| 000 | 00606nam a2200217 4500 | ||
|---|---|---|---|
| 001 | VA43942 | ||
| 003 | ES-SlBCS | ||
| 005 | 20210601155903.0 | ||
| 008 | 140520s1995 xxu||||| |||| 00| 0 spa d | ||
| 017 | _aM.40-943-1995 | ||
| 020 | _a84-00-07551-X | ||
| 041 | _aspa | ||
| 100 | 1 |
_aSarasa, SebastiĆ _9238921 |
|
| 245 | 1 | 0 |
_aEl Estado de Bienestar en la Europa del Sur _cSebastiĆ Sarasa; Luis Moreno, |
| 260 |
_aMadrid : _bCSIC _c, 1995 |
||
| 300 |
_a419 p.; _c24 cm |
||
| 490 | 0 |
_aPoliteya _v7 |
|
| 650 | 0 | 4 |
_aEstado de Bienestar-Sur de Europa _9384999 |
| 700 | 1 |
_aMoreno, Luis _9223916 |
|
| 942 | _cBK | ||
| 999 |
_c823072 _d823072 |
||